• 首页
  • 本馆介绍
  • 公告通知
  • 最新文献
  • 馆藏检索
  • 电子资源
  • 读者荐购
  • 参考咨询
  • CALIS
  • 我的图书馆
  • 登录
  • 详细信息显示
  • 放入我的书架
  • 预约/预借图书
  • 作者相关作品
  • 分类相关作品
  • 丛书相关作品
  • 出版社相关作品

书目信息

  • 表格格式
  • 工作单格式
  • 卡片格式
题名:
离婚大战
    
 
作者: 兰茨 著
分册:  
出版信息: 桂林   广西师范大学出版社  2008.11
页数: 185页
开本: 21cm
丛书名:
单 册:
中图分类: I247.57
科图分类:
主题词: 长篇小说--chang pian xiao shuo--中国--现代
电子资源:
ISBN: 978-7-5633-7808-1
 
 
 
 
 
000 00857nam0 2200229 450
001 012009365481
005 20090422095028.82
010    @a978-7-5633-7808-1@dCNY22.00
100    @a20090422d2008 em y0chiy0120 ea
101 0  @achi
102    @aCN@b450000
105    @ay z 000ay
106    @ar
200 1  @a离婚大战@Ali hun da zhan@f兰茨著@Flan ci zhu
210    @a桂林@c广西师范大学出版社@d2008.11
215    @a185页@d21cm
330    @a本书是一部反映男人和女人之间复杂的婚姻关系的小说, 也是作者为现代男女所设置的情感走廊, 书中充满了夫妻之间的对抗战争, 也充满了男女之间的纠缠和困扰——他们是情感战场上的俘虏, 他们因陷入无法抵御的诱惑而挣扎, 也因遭遇无情的背叛而自焚。
606 0  @a长篇小说@Achang pian xiao shuo@y中国@z现代
690    @aI247.57@v4
701  0 @a兰茨@Alan ci@4著
801  0 @aCN@bQSSK@c20090422
905    @b737686-88@dI247.57@eL036@f3
    
    离婚大战/兰茨著.-桂林:广西师范大学出版社,2008.11
    185页;21cm
    
    
    ISBN 978-7-5633-7808-1:CNY22.00
    本书是一部反映男人和女人之间复杂的婚姻关系的小说, 也是作者为现代男女所设置的情感走廊, 书中充满了夫妻之间的对抗战争, 也充满了男女之间的纠缠和困扰——他们是情感战场上的俘虏, 他们因陷入无法抵御的诱惑而挣扎, 也因遭遇无情的背叛而自焚。
●
相关链接 在E读中查询图书 在当当中查询图书 在豆瓣中查询图书


正题名:离婚大战     索取号:I247.57/L036         预约/预借

序号 登录号 条形码 馆藏地/架位号 状态 备注
1 737686   207376864   社科二线422/422社科库 3排2列6层/ [索取号:I247.57/L036] 在馆    
2 737687   207376873   社科二线422/422社科库 2排1列1层/ [索取号:I247.57/L036] 在馆    
3 737688   207376882   社科二线422/422社科库 3排2列6层/ [索取号:I247.57/L036] 在馆    
河南城建学院图书馆 欢迎您!
大连网信软件有限公司© 版权所有